مخطوطات فضائل بيت المقدس : (رقم التسجيلة. 26438)
[ عرض عادي ]
| 000 -LEADER | |
|---|---|
| fixed length control field | 00633nam a22001937a 4500 |
| 005 - DATE AND TIME OF LATEST TRANSACTION | |
| control field | 20251108165357.0 |
| 008 - FIXED-LENGTH DATA ELEMENTS--GENERAL INFORMATION | |
| fixed length control field | 250721s1981 xx 000 0 ara d |
| 082 14 - DEWEY DECIMAL CLASSIFICATION NUMBER | |
| Classification number | م/016.091/عسل |
| 100 1# - MAIN ENTRY--PERSONAL NAME | |
| Personal name | العسلي، كامل جميل |
| 245 10 - TITLE STATEMENT | |
| Title | مخطوطات فضائل بيت المقدس : |
| Remainder of title | دراسة و بيبلوغرافيا / |
| 264 1# - PRODUCTION, PUBLICATION, DISTRIBUTION, MANUFACTURE, AND COPYRIGHT NOTICE | |
| Place of production, publication, distribution, manufacture | عمان : |
| Name of producer, publisher, distributor, manufacturer | مجمع الغة العربية الاردني، |
| Date of production, publication, distribution, manufacture, or copyright notice | 1981. |
| 300 ## - PHYSICAL DESCRIPTION | |
| Extent | 142ص |
| 650 17 - SUBJECT ADDED ENTRY--TOPICAL TERM | |
| Topical term or geographic name as entry element | المخطوطات العربية |
| 650 17 - SUBJECT ADDED ENTRY--TOPICAL TERM | |
| Topical term or geographic name as entry element | الفهارس |
| 650 17 - SUBJECT ADDED ENTRY--TOPICAL TERM | |
| Topical term or geographic name as entry element | القدس |
| 650 17 - SUBJECT ADDED ENTRY--TOPICAL TERM | |
| Topical term or geographic name as entry element | الببليوغرافيات |
| 942 ## - ADDED ENTRY ELEMENTS (KOHA) | |
| Source of classification or shelving scheme | Dewey Decimal Classification |
| Koha item type | مراجع |
| حالة السحب | حالة الفقدان | مصدر التصنيف | حالة التلف | غير قابل للإعارة | المكتبة الرئيسية | المكتبة الحالية | موقع الرف | تاريخ التزويد | الرقم المتسلسل | Total Checkouts | رقم الإستدعاء | الباركود | تاريخ آخر ظهور | تاريخ الفاتورة | نوع المادة (كوها) |
|---|---|---|---|---|---|---|---|---|---|---|---|---|---|---|---|
| Dewey Decimal Classification | Not For Loan | المكتبة المركزية | المكتبة المركزية | مراجع | 06/07/2004 | 66410 | م/016.091/عسل | 66410 | 28/07/2025 | 06/07/2004 | مراجع | ||||
| Dewey Decimal Classification | المكتبة المركزية | المكتبة المركزية | الإعارة | 05/12/2016 | 1629892 | م/016.091/عسل | PLD00401132 | 28/07/2025 | 05/12/2016 | مراجع | |||||
| Dewey Decimal Classification | Not For Loan | المكتبة المركزية | المكتبة المركزية | مراجع | 20/02/2024 | 1784604 | م/016.091/عسل | PLD00508224 | 28/07/2025 | 20/02/2024 | مراجع | ||||
| Dewey Decimal Classification | Not For Loan | مكتبة صويلح العامة | مكتبة صويلح العامة | مراجع | 21/05/2015 | [12434 | م/016.091/عسل | PLD00329754 | 28/07/2025 | 21/05/2015 | مراجع |